[Event "1st Spanish League"]
[Site "Linares"]
[Date "2017.08.20"]
[Round "7"]
[White "Fernandez Romero, Ernesto"]
[Black "Cano Sanchez, Josue"]
[Result "1-0"]
[WhiteTitle "IM"]
[BlackTitle "FM"]
[WhiteElo "2492"]
[BlackElo "2392"]
[Board "4"]
[WhiteCountry "ESP"]
[WhiteFideId "2214679"]
[BlackCountry "ESP"]
[BlackFideId "2224410"]
[WhiteEloChange "4"]
[BlackEloChange "-7"]

1. e4 c6 2. d4 d5 3. e5 Bf5 4. h4 h5 5. Bd3 Bxd3 6. Qxd3 e6 7. Bg5 Qa5+ 8.
Nd2 Nh6 9. Nf3 Qa6 10. c4 Nd7 11. O-O Nf5 12. b3 Be7 13. Bxe7 Kxe7 14. Qc3
Rhc8 15. Rfc1 b6 16. Nf1 Kf8 17. Ne3 Ne7 18. Qc2 g6 19. Qd2 Kg7 20. Rc2 Qb7
21. Rac1 c5 22. cxd5 exd5 23. Ng5 cxd4 24. Qxd4 Rxc2 25. Rxc2 Nc5 26. Qf4
Ng8 27. e6 f6 28. b4 Na6 29. Nf3 Rd8 30. Nd4 Ne7 31. g4 Qb8 32. Qxb8 Rxb8
33. gxh5 Rb7 34. a3 gxh5 35. Ndf5+ Kf8 36. Nxe7 Rxe7 37. Rc6 Nc7 38. Nf5
Nxe6 39. Nxe7 Kxe7 40. Rc8 Kd6 41. Ra8 d4 42. Kf1 Nf4 43. Rxa7 d3 44. Ke1
Kd5 45. Kd2 Kc4 46. Rc7+ Kd5 47. a4 1-0

[Event "1st Spanish League"]
[Site "Linares"]
[Date "2017.08.20"]
[Round "7"]
[White "Nicolas Zapata, Irene"]
[Black "Perera Borrego, Maria Adela"]
[Result "1-0"]
[WhiteTitle "WIM"]
[BlackTitle "WFM"]
[WhiteElo "2287"]
[BlackElo "2116"]
[Board "5"]
[WhiteCountry "ESP"]
[WhiteFideId "22247270"]
[BlackCountry "ESP"]
[BlackFideId "22238255"]
[WhiteEloChange "5"]
[BlackEloChange "-5"]

1. Nf3 Nf6 2. c4 e6 3. g3 b6 4. Bg2 Bb7 5. O-O Be7 6. Nc3 O-O 7. Re1 Ne4 8.
Nxe4 Bxe4 9. d3 Bb7 10. e4 c5 11. d4 cxd4 12. Nxd4 Nc6 13. Nb5 d6 14. Bf4
Ne5 15. Qd4 Qb8 16. Rad1 Rd8 17. Qc3 Ng6 18. Be3 Rc8 19. f4 a6 20. Nd4 b5
21. b3 bxc4 22. bxc4 Qc7 23. Rb1 Rab8 24. h4 Bf6 25. h5 Nf8 26. Qa3 Nd7 27.
Nb3 Bc6 28. Kh2 Bc3 29. Red1 Nf6 30. Qxd6 Ng4+ 31. Kh3 Nxe3 32. Qxc7 Rxc7
33. Rd3 Nxg2 34. Na5 Rbc8 35. Nxc6 Bf6 36. Na5 Rc5 37. Nb7 Nxf4+ 38. gxf4
Rxh5+ 39. Kg4 Rh2 40. Nd6 Rd8 41. e5 Be7 42. Rc1 g5 43. c5 Rh4+ 44. Kg3
gxf4+ 45. Kf3 f6 46. exf6 Bxf6 47. Rdd1 Be5 48. c6 Rh3+ 49. Kg2 Rg3+ 50.
Kf2 Rxd6 51. c7 Rd2+ 52. Rxd2 Bxc7 53. Rxc7 1-0